000 00413cam a2200157ua 4500
041 _aeng
_h
082 _a828.09
_bJON/EG
100 _aJones, John .
245 _aEgotistical sublime: A history of Wordsworth`s imagination /
_cJohn Jones.
_hTextual Documents
250 _a1 /
_b.
260 _aLondon :
_bChatto and Windus ,
_c1964.
300 _a212 ; .
504 _a
942 _cBK
999 _c3919
_d3919